000 00493nam a22002057a 4500
003 bpm
005 20260407101325.0
008 260407b |||||||| |||| 00| 0 spa d
020 _a9789505461714
024 _aS. C. C. / M. C. y E. M.:
040 _aAR-CtUCP
041 _aspa
080 _aCDU
100 _aZini Julián
245 _aChamamé :
_bun modo de ser
260 _aBuenos Aires
_bPatria grande
_c2011
650 _aCancionero - Poesía
942 _cLIB
999 _c76612
_d76612